Регионална библиотека "Любен Каравелов" - Русе

Под дъгата (Запис номер 175404)

MARC детайли
000 -Лидер
Контролно поле с фиксирана дължина 01685nam a2200373 c 4500
003 - Код на организацията, давaща контролен номер
Контролно поле BLK
005 - Дата и час на последна редакция
Контролно поле 20250715174147.0
008 - Елементи от данни с фиксирана дължина
fixed length control field 180411b bul|||||r ||||||| ||bul||
010 ## - Наследен системен номер
LC control number KNG00183955000
020 ## - Международен стандартен номер на книга ISBN
Международен стандартен номер на книга ISBN 978-954-625-991-2
-- издат.: Фют - на том(кн. 3)
040 ## - Източник на каталожния запис
Идентификатор на билиотеката - собственик на записа BLK
041 ## - Код за език
Код за езика на текст/звукозапис или на отделно заглавие Български
Код за езика КДБФ Български
072 #7 - Код за тематичната категория
Код организация bullib
Код за тематична категория Н85
Текст Детска художествена литература Н
080 ## - УДК
Текстов определител УДК Английска литература
УДК код - определител по УДК 821.111
УДК определител -93-32
УДК - код + определител 821.111-93-32
100 1# - Редна дума - Автор
Автор Маккейн, Кели
Авторска отговорност първи автор
R(LIN) 91255
139 ## - Редно поле
Редна дума Маккейн, Кели
Авторски знак Мак - М 19
245 10 - Сведения за заглавието
Заглавие Под дъгата
Подзаглавни данни Кн. 1 -
Редно поле (дума) Кели Маккейн; ил. Антония Милър; прев. Жечка Ангелова Караславова.
Том Кн. 3
Заглавие на том Боровинкови желания
257 ## - Страна на издаване
Страна на създаване/издаване Великобритания
260 ## - Област на издателските данни
-- София
Година на издаване 2014 -
Печатница София : Лито Балкан
300 ## - Физическа характеристика
Размери/Мащаб 20 см
380 ## - Жанр
Жанр Детска худож. лит.
653 ## - Ключова дума – ненормативна
Ключова дума литература за деца
653 ## - Ключова дума – ненормативна
Ключова дума детска литература
659 ## - Тематичен бюлетин
Тематичен бюлетин Н
700 1# - Други автори (авторска отговорност)
Лично име Милър, Антония
Автороска отговорност (Описва отношението между автора и произведението) ил.
9 (RLIN) 378227
700 1# - Други автори (авторска отговорност)
Лично име Караславова, Жечка Ангелова
Автороска отговорност (Описва отношението между автора и произведението) прев.
9 (RLIN) 368049
760 1# - Описание на основната серия
-- - на том(кн. 3)
Редна дума на основното описание Маккейн, Кели
Място на издаване, издател и година Фют, 2015
Страници - том 256 с.
Забележка - том Ориг. загл. Rainbow Beauty - Blueberry Wishes / Kelly McKain.
Заглавие Кн. 3 Боровинкови желания
852 ## - Местоположение
Форматна сигнатура Цб 271573
856 4# - Електронен адрес и достъп
Електронен формат pdf - файл
Път до файла /url/
856 4# - Електронен адрес и достъп
Електронен формат pdf - файл
Път до файла /url/
942 ## - АРТИКУЛИ
Вид на библиотечния материал Книги
Скрит в OPAC Не
Koha issues (borrowed), all copies 22
944 ## - СЪЗДАВАНЕ И РЕДАКЦИЯ на ЗАПИСА
Създаване/Редакция Създаване
Дата на регистрацията/редакция 21.10.2015
Статус, дата на статуса Русанова Ирена
Служител, извършил регистрацията/редакцията 30542
944 ## - СЪЗДАВАНЕ И РЕДАКЦИЯ на ЗАПИСА
Създаване/Редакция Редакция
Дата на регистрацията/редакция 19.02.2016
Статус, дата на статуса ф /
Служител, извършил регистрацията/редакцията Пенка_Димитрова
999 ## - СИСТЕМНИ КОНТРОЛНИ НОМЕРА
Koha biblionumber 175404
Koha biblioitemnumber 175404
Наличности
Код за отписване Код за изгубен артикул Код за повреда Коз за рестрикции Код за отдаване Артикулен № Име на библиотеката - собственик Име на библиотеката, в която се намира в момента Статус (Текущо местоположение) Дата на вписване в системата Местоположение - отдел Цена в лева Инвентарен номер Систематично азбучна сигнатура Баркод Номер на екземпляра Цена в евро Служебна бележка Служебен тип на артикула
  Не е изгубен Не е повреден без рестрикции ползва се в читалня 301848 Регионална библиотека "Любен Каравелов" Русе Регионална библиотека "Любен Каравелов" Русе Хранилище 2015-10-22 Хранилище 7.99 120000793834 Цб 271573 120000793834 1 4.09 Дост: Dp Вид: Д N: 37 Дата: 28.08.2015 Книги
  Не е изгубен Не е повреден без рестрикции заемане за дома 301849 Регионална библиотека "Любен Каравелов" Русе Регионална библиотека "Любен Каравелов" Русе Детски отдел 2015-12-21 Детски отдел 7.99 120000796159 ДХ 820/899/М 19 120000796159 2 4.09 Дост: Pk Вид: Ф N: 449 Дата: 14.12.2015 Книги
  Не е изгубен Не е повреден без рестрикции заемане за дома 301850 Регионална библиотека "Любен Каравелов" Русе Регионална библиотека "Любен Каравелов" Русе Детски отдел 2015-12-21 Детски отдел 7.99 120000796160 ДХ 820/899/М 19 120000796160 3 4.09 Дост: Pk Вид: Ф N: 449 Дата: 14.12.2015 Книги
  Не е изгубен Не е повреден без рестрикции заемане за дома 301851 Регионална библиотека "Любен Каравелов" Русе Регионална библиотека "Любен Каравелов" Русе Детски отдел 2016-02-19 Детски отдел 7.99 120000798058 ДХ 820/899/М 19 120000798058 4 4.09 Дост: Pk Вид: Ф N: 456 Дата: 19.02.2016 Книги
Vip Innovations Ltd, Rousse, Bulgaria 2025